Aphids of the principal fruit-bearing crops /

Guardado en:
Autor Principal: Barbagallo, Sebastiano.
Otros Autores: Cravedi, Piero., Pasqualini, Edison., Patti, Isidora.
Formato: Libro
Idioma:English
Publicado: Milan : Bayer, c1997.
Materias:
Etiquetas: Agregar Etiqueta
Sin Etiquetas, Sea el primero en etiquetar este registro!
LEADER 00730nam a22001935a 4500
001 EEA.libagro005776
005 20171226123817.0
008 130809s1997####it#a##########000#0#eng#d
082 0 4 |a 634.049752 
100 1 |a Barbagallo, Sebastiano. 
245 1 0 |a Aphids of the principal fruit-bearing crops /  |c Sebastiano Barbagallo, Piero Cravedi, Edison Pasqualini, Isidora Patti; english translation and adaptation by Henry L. G. Stroyan. 
260 |a Milan :  |b Bayer,  |c c1997. 
300 |a 123 p. :  |b il., fot. col. ;  |c 24 cm. 
650 7 |a Aphidoidea  |2 agrovoc 
650 7 |a Frutales  |2 agrovoc 
700 1 |a Cravedi, Piero. 
700 1 |a Pasqualini, Edison. 
700 1 |a Patti, Isidora. 
859 |a AR-BbBCA  |b BIB. AGRONOMIA  |h 634.049752  |i B228  |p 1998/3120